Quiz bête 8 mots dans mots : (mort subite) - Statistiques

Statistiques générales
  • Ce quiz a été pris 125 fois
  • Le résultat moyen est 4 sur 8
Answers on the Grid
Answers color-coded by a green-red scale on the quiz's grid according to % correct below.
Or---ge
Fer---ter
Ric---r
Pav---r
Rom---ique
Pl---ur
Métic---ux
D---mark
Perm---nce
Co---able
Fl---lle
Expl---er
Rom---sco
Fric---ée
Vér---ble
Em---r
 
Statistiques - réponses
Réponse % Correct
D---mark
80%
Pav---r
69%
Ric---r
69%
Perm---nce
57%
Em---r
49%
Pl---ur
49%
Rom---sco
43%
Fl---lle
31%
Aucun quiz correspondant
Distribution des résultats
% des personnes avec chaque résultat
Percentile par nombre de réponses
Votre historique - résultats
Vous n’avez pas pris ce quiz